| 000 | 01190nam a2200229Ia 4500 | ||
|---|---|---|---|
| 001 | L800-49029 | ||
| 003 | IT-CnALBA | ||
| 008 | 170116s9999||||xx |||||||||||||| ||und|| | ||
| 040 |
_aIT-CnALBA _cIT-CnALBA |
||
| 041 | _aITALIANO | ||
| 100 | _aFRACCACRETA ENRICO | ||
| 245 | 0 | _aTEMPO MEDIO. POESIE. | |
| 250 | _a1a ed. | ||
| 260 |
_a FOGGIA _bBASTOGI ED. ITAL. _c1996 [1° Ed.:1996 - Ed.Ling.Originale: 1996] |
||
| 300 | _a63 p. | ||
| 500 | _aPREFAZIONE SPAZIANI L. M. TEMPO MEDIO. I VECCHI DELLA CASA. IL COMPLEANNO. I NOSTRI POMERIGGI. PRIMAVERA. CONFORTANTI CIMITERI. IL PRIMO INVERNO. DAL BELVEDERE. IL DECALOGO DELLA PERSIANA. LO SPECCHIO. DIETRO LA VETRATA. LA LINGUA DI FUOCO. LA SERA MUORE | ||
| 501 | _aSocietà San Paolo EM - Piazza San Paolo, 14 - 12051 ALBA (CN) (non commercial uses only) ® Copyright 2017 | ||
| 520 | _aPREFAZIONE SPAZIANI L. M. TEMPO MEDIO. I VECCHI DELLA CASA. IL COMPLEANNO. I NOSTRI POMERIGGI. PRIMAVERA. CONFORTANTI CIMITERI. IL PRIMO INVERNO. DAL BELVEDERE. IL DECALOGO DELLA PERSIANA. LO SPECCHIO. DIETRO LA VETRATA. LA LINGUA DI FUOCO. LA SERA MUORE | ||
| 650 | _aDIZIONARI E LETTERATURA GENERALE | ||
| 942 | _cBK | ||
| 957 | _71 | ||
| 999 |
_a55544 _bNO _g Copie: 1 _c307937 _d307937 |
||